Подробности
| 000 -МАРКЕР |
| контрольное поле |
02518nam2a22004451 4500 |
| 001 - ИДЕНТИФИКАТОР ЗАПИСИ |
| контрольное поле |
v19\rc\2059136 |
| 005 - ИДЕНТИФИКАТОР ВЕРСИИ |
| контрольное поле |
20230613133007.0 |
| 035 ## - ДРУГИЕ СИСТЕМНЫЕ НОМЕРА |
| Идентификатор записи |
(NLR Aleph) 005147261 |
| 100 ## - ДАННЫЕ ОБЩЕЙ ОБРАБОТКИ |
| Данные общей обработки |
20081111d1910 |||y0rusy50 ca |
| 101 1# - ЯЗЫК РЕСУРСА |
| Язык текста, звукозаписи и т.д. |
русский |
| Язык оригинала |
русский |
| -- |
многоязычный, разных семей языки |
| 102 ## - СТРАНА ПУБЛИКАЦИИ ИЛИ ПРОИЗВОДСТВА |
| Страна публикации |
Российская Федерация |
| 105 ## - ПОЛЕ КОДИРОВАННЫХ ДАННЫХ: ТЕКСТОВЫЕ МАТЕРИАЛЫ, МОНОГРАФИЧЕСКИЕ |
| Кодированные данные о монографическом текстовом документе |
y z |||a| |
| 200 1# - ЗАГЛАВИЕ И СВЕДЕНИЯ ОБ ОТВЕТСТВЕННОСТИ |
| Основное заглавие |
На родину |
| 210 ## - ПУБЛИКАЦИЯ, РАСПРОСТРАНЕНИЕ И ДР. |
| Место издания, распространения и т.д. |
Санкт-Петербург |
| Имя издателя, распространителя и т. д. |
В.А. Максимов |
| Дата издания, распространения и т.д. |
[1910] |
| 215 ## - ФИЗИЧЕСКАЯ ХАРАКТЕРИСТИКА |
| Специфическое обозначение материала и объем |
161-240 с. |
| 316 ## - ПРИМЕЧАНИЯ ОБ ОСОБЕННОСТЯХ ЭКЗЕМПЛЯРА |
| Текст примечания |
Экз. РНБ (38.59.7.45): деф.: отсутствуют титульный лист и обложка |
| Организация и экземпляр, к которому относится поле |
NLR: 38.59.7.45 |
| 423 #0 - ИЗДАЕТСЯ В ОДНОЙ ОБЛОЖКЕ ВМЕСТЕ С ... |
| Встроенное поле |
1011#$arus$cpol$cpol |
| -- |
2001#$aБогач$aОфир |
| -- |
700#1$aПрус$bБ.$f1847-1912$3RU\NLR\AUTH\7727474$gБолеслав |
| 423 #0 - ИЗДАЕТСЯ В ОДНОЙ ОБЛОЖКЕ ВМЕСТЕ С ... |
| Встроенное поле |
1010#$arus |
| -- |
2001#$aПесня рабочего$aСкиталец$aЗа тюремной стеной |
| -- |
700#1$aБлагов$bА. |
| 423 #0 - ИЗДАЕТСЯ В ОДНОЙ ОБЛОЖКЕ ВМЕСТЕ С ... |
| Встроенное поле |
1011#$arus$cita |
| -- |
2001#$aНаходчивость школьной учительницы |
| -- |
700#1$aБертолацци$bК. |
| 423 #0 - ИЗДАЕТСЯ В ОДНОЙ ОБЛОЖКЕ ВМЕСТЕ С ... |
| Встроенное поле |
1010#$arus |
| -- |
2001#$aСтихотворения |
| -- |
700#1$aСуслов$bА. |
| 423 #0 - ИЗДАЕТСЯ В ОДНОЙ ОБЛОЖКЕ ВМЕСТЕ С ... |
| Встроенное поле |
1010#$arus |
| -- |
2001#$aТак иногда люди женятся |
| -- |
700#1$aГребенка$bЕ. |
| 423 #0 - ИЗДАЕТСЯ В ОДНОЙ ОБЛОЖКЕ ВМЕСТЕ С ... |
| Встроенное поле |
1011#$arus$cger |
| -- |
2001#$aМуж и жена |
| -- |
700#1$aЛименкрон$bД. |
| 423 #0 - ИЗДАЕТСЯ В ОДНОЙ ОБЛОЖКЕ ВМЕСТЕ С ... |
| Встроенное поле |
1010#$arus |
| -- |
2001#$aВ сельской школе |
| -- |
700#1$aОльшанский$bМ. |
| 423 #0 - ИЗДАЕТСЯ В ОДНОЙ ОБЛОЖКЕ ВМЕСТЕ С ... |
| Встроенное поле |
1010#$arus |
| -- |
2001#$aВор |
| -- |
700#1$aВейнберг$bП. |
| 423 #0 - ИЗДАЕТСЯ В ОДНОЙ ОБЛОЖКЕ ВМЕСТЕ С ... |
| Встроенное поле |
1011#$arus$cfre |
| -- |
2001#$aЗаколдованная мельница |
| -- |
700#1$aБазэн$bР. |
| 423 #0 - ИЗДАЕТСЯ В ОДНОЙ ОБЛОЖКЕ ВМЕСТЕ С ... |
| Встроенное поле |
1010#$arus |
| -- |
2001#$aЖанровая картина |
| -- |
700#1$aПазухин |
| 423 #0 - ИЗДАЕТСЯ В ОДНОЙ ОБЛОЖКЕ ВМЕСТЕ С ... |
| Встроенное поле |
1011#$arus$cfre |
| -- |
2001#$aДедушка Милон |
| -- |
700#1$aМопассан$bГ. де$gГюи де |
| 423 #0 - ИЗДАЕТСЯ В ОДНОЙ ОБЛОЖКЕ ВМЕСТЕ С ... |
| Встроенное поле |
1011#$arus$cger |
| -- |
2001#$aИерей |
| -- |
700#1$aРозенгейм$bМ. |
| 423 #0 - ИЗДАЕТСЯ В ОДНОЙ ОБЛОЖКЕ ВМЕСТЕ С ... |
| Встроенное поле |
1011#$arus$cfre |
| -- |
2001#$aСлепой |
| -- |
700#1$aРебу$bП.$f1877-$gПоль |
| 461 #0 - УРОВЕНЬ НАБОРА |
| Встроенное поле |
001v19\rc\2059132 |
| -- |
2001#$aКнижка-копейка$eуниверсальная хрестоматия$fиздание В. Максимова$vВып. 21-30 |
| 700 #1 - ИМЯ ЛИЦА - ПЕРВИЧНАЯ ОТВЕТСТВЕННОСТЬ |
| Связь между полями |
z01790 |
| Начальный элемент ввода |
Гусев-Оренбургский |
| Часть имени, кроме начального элемента ввода |
С. И. |
| Даты |
1867-1963 |
| Расширение инициалов личного имени |
Сергей Иванович |
| 790 #1 - ИМЯ ЛИЦА - АЛЬТЕРНАТИВНАЯ ФОРМА |
| Связь между полями |
z01700 |
| Начальный элемент ввода |
Оренбургский |
| Часть имени, кроме начального элемента ввода |
С. И. |
| Даты |
1867-1963 |
| Расширение инициалов личного имени |
Сергей Иванович |
| 801 #0 - ИСТОЧНИК ЗАПИСИ |
| Страна |
Российская Федерация |
| Организация |
NLR |
| Правила каталогизации |
psbo |
| 801 #1 - ИСТОЧНИК ЗАПИСИ |
| Страна |
Российская Федерация |
| Организация |
ProSoft-M |
| Источник данных |
rusmarc |
| 852 ## - МЕСТОНАХОЖДЕНИЕ И ШИФР ХРАНЕНИЯ |
| Идентификатор организации |
NLR |
| Шифр хранения (Call Number) |
38.59.7.45 |
| 852 ## - МЕСТОНАХОЖДЕНИЕ И ШИФР ХРАНЕНИЯ |
| Идентификатор организации |
NLR |
| Шифр хранения (Call Number) |
20.45.9.73 |
| 942 ## - ДОПОЛНИТЕЛЬНЫЕ ЭЛЕМЕНТЫ ЗАПИСИ (АБИС) |
| Тип экземпляра АБИС |
Книга |
| 980 ## - КОЛЛЕКЦИЯ |
| Название коллекции |
Национальная библиография |